|
|
|
|
| LEADER |
01207nta a2200229 i 4500 |
| 001 |
dokt2750 |
| 005 |
20200424114624.0 |
| 008 |
151012s2016 hu om 0|| hun d |
| 024 |
7 |
|
|a 10.14232/phd.2750
|2 doi
|
| 024 |
7 |
|
|a 3044463
|2 mtmt
|
| 040 |
|
|
|a SZTE Doktori Repozitórium
|b hun
|
| 041 |
|
|
|a hun
|
| 100 |
1 |
|
|a Balizs Dániel
|
| 245 |
1 |
0 |
|a Etnikai térstruktúra, asszimiláció és identitás a történelmi Vas megyében
|h [elektronikus dokumentum] /
|c Balizs Dániel
|
| 246 |
1 |
0 |
|a Ethnic structure, assimilation and identity in the historical vas county
|h [elektronikus dokumentum]
|
| 260 |
|
|
|c 2016-03-10
|
| 502 |
|
|
|a Disszertacio
|
| 650 |
|
4 |
|a földtudományok
|
| 700 |
1 |
|
|a Bajmócy Péter
|e ths
|
| 856 |
4 |
0 |
|u https://doktori.bibl.u-szeged.hu/id/eprint/2750/1/Etnikai%20t%C3%A9rstrukt%C3%BAra%2C%20asszimil%C3%A1ci%C3%B3%20%C3%A9s%20identit%C3%A1s%20a%20t%C3%B6rt%C3%A9nelmi%20Vas%20megy%C3%A9ben.pdf
|z Dokumentum-elérés
|
| 856 |
4 |
0 |
|u https://doktori.bibl.u-szeged.hu/id/eprint/2750/7/T%25C3%25A9zisf%25C3%25BCzet_BalizsD%25C3%25A1niel.pdf
|z Dokumentum-elérés
|
| 856 |
4 |
0 |
|u https://doktori.bibl.u-szeged.hu/id/eprint/2750/8/T%25C3%25A9zisf%25C3%25BCzet_BalizsD%25C3%25A1niel_English.pdf
|z Dokumentum-elérés
|